Co to za logo? #9 - Statystyki

Ogólne statystyki
  • Ten quiz został rozwiązany 6 786 razy
  • Średni wynik to 9 z 20
Statystyki odpowiedzi
Obrazkowy Odpowiedź % Poprawnych
Mercedes
98%
NBA
92%
FedEx
91%
Walt Disney
91%
Discord
87%
Aldi
80%
7-Eleven
74%
LinkedIn
61%
Polo
61%
Adobe
38%
Hermès
28%
Skechers
25%
Heinz
22%
TripAdvisor
21%
Hilton
20%
Unilever
18%
Chipotle
17%
Cadbury
14%
Clorox
4%
General Mills
2%
Nie znaleziono quizów pasujących do podanych kryteriów
Rozkład punktacji
Procent ludzi z każdym wynikiem
Percentyl według liczby udzielonych odpowiedzi
Twoja historia wyników
Nie rozwiązałeś tego quizu